Normal view MARC view

Entry Personal Name

Number of records used in: 1

001 - CONTROL NUMBER

  • control field: 12935

003 - CONTROL NUMBER IDENTIFIER

  • control field: OSt

005 - DATE AND TIME OF LATEST TRANSACTION

  • control field: 20240521044416.0

008 - FIXED-LENGTH DATA ELEMENTS

  • fixed length control field: 240521|| aca||aabn | a|a d

040 ## - CATALOGING SOURCE

  • Original cataloging agency: OSt
  • Transcribing agency: OSt

100 ## - HEADING--PERSONAL NAME

  • Personal name: Cruz, Jomari Mark S., author

670 ## - SOURCE DATA FOUND

  • Source citation: Work cat.: (OSt): Cruz, Jomari Mark S., author., Development of MathKiddo : a mobile application about basic Math for 4th, 5th and 6th grade pupil /, 2016.